| 000 | 01437nam0a22003011 4500 | ||
|---|---|---|---|
| 001 | rc\3366129 | ||
| 005 | 20250609184246.0 | ||
| 021 |
_aRU _bП2145-71 |
||
| 035 | _a(NLR Aleph) 007444765 | ||
| 090 |
_a7153724 _c7153724 |
||
| 100 | _a20130115d1970 |||y0rusy50 ca | ||
| 101 | 0 | _arus | |
| 102 | _aRU | ||
| 105 | _aa z ||||| | ||
| 200 | 1 |
_aАвтоматизация обжимных и толстолистовых станов с применением УВМ за рубежом _fР.В. Лямбах, Л.Ф. Ромашкевич, М.И. Тайц |
|
| 210 |
_aСерпухов _cБ. и. _d1970 |
||
| 215 |
_a14 с. _cчерт. _d21 |
||
| 225 | 1 |
_aМинистерство черной металлургии СССР. Центральный научно-исследовательский институт информации и технико-экономический исследований черной металлургии. Информация _hСерия 15 _iАвтоматизация металлургического производства _v№ 3 |
|
| 300 | _aНа обл. авт. не указаны | ||
| 320 | _aБиблиогр.: с. 14 | ||
| 700 | 1 |
_aЛямбах _bР.В. _gРомуальд Витальевич |
|
| 701 | 1 |
_aРомашкевич _bЛ.Ф. |
|
| 701 | 1 |
_aТайц _bМ.И. |
|
| 801 | 0 |
_aRU _bNLR _gpsbo |
|
| 801 | 1 |
_aRU _bELAR _2rusmarc |
|
| 852 |
_aNLR _jП11/2621 |
||
| 942 | _cBOOK | ||
| 980 | _aNB | ||